Top 20 Baby Girl Names of the '90s Quiz Stats

 Plays Quiz Updated Jan 6, 2017

Support Sporcle.
Go Orange.
Score 0/20 Timer 03:00
1 Play Today
% Correct
Emily
80.3%
Ashley
75%
Jessica
74.6%
Jennifer
70.7%
Brittany
70.4%
Sarah
68.2%
Amanda
67.7%
Lauren
67.4%
Elizabeth
67%
Megan
66.1%
% Correct
Hannah
64.9%
Samantha
62.2%
Rachel
61.8%
Nicole
58.8%
Stephanie
54.8%
Taylor
50.4%
Amber
47.8%
Alexis
46.8%
Kayla
42.3%
Victoria
34.3%

You're not logged in!

Compare scores with friends on all Sporcle quizzes.
OR
Log In
Forgot?

From the Vault

Vowel-less Car Brands

by Manaies

It's probably a little more difficult to change the oil in your car without an 'o' and 'i.'
Remove Ads.
Support Sporcle.
Get the best of Sporcle when you Go Orange. This ad-free experience offers more features, more stats, and more fun while also helping to support Sporcle. Thank you for becoming a member.

Show Comments

Extras

Top Quizzes Today


Score Distribution

Your Account Isn't Verified!

In order to create a playlist on Sporcle, you need to verify the email address you used during registration. Go to your Sporcle Settings to finish the process.

Report this User

Report this user for behavior that violates our Community Guidelines.

Details: